Bilecik Bilecik Bilecik Bilecik Bilecik

Hayallerdeki Türk = (Record no. 41713)

MARC details
000 -BAŞLIK
Sabit Uzunluktaki Kontrol Alanı 01579nam a22004457a 4500
008 - SABİT UZUNLUKTAKİ VERİ ÖGELERİ - GENEL BİLGİ
Sabit Alan 130730b2012 tu a|||gr||||#0|||0|tur |
040 ## - KATALOGLAMA KAYNAĞI
Özgün Kataloglama Kurumu TR-BiSEU
Kataloglama Dili tur
Çeviri Kurumu TR-BiSEU
Açıklama Kuralları rda
001 - KONTROL NUMARASI
Control Dosyası 0041872
003 - KONTROL NUMARASI KİMLİĞİ
Kontrol Alanı KOHA_MİRAKIL
005 - EN SON İŞLEM TARİHİ ve ZAMANI
Kontrol Alanı 20260207003252.0
007 - FİZİKSEL TANIM SABİT ALAN - GENEL BİLGİ
Sabit uzunluklu kontrol alanı ta
020 ## - ISBN - ULUSLARARASI STANDART KİTAP NUMARASI
Isbn 9786051051017
041 0# - DİL KODU
Metin ya da ses kaydının dil kodu tur
044 ## - YAYINLAYAN/ÜRETEN KURULUŞUN ÜLKE KODU
ISO country code tu
050 ## - SINIFLAMA ve YER NUMARASI
Sınıflama Numarası DR434
Yer Numarası .H39 2012
240 10 - TEK BİÇİM BAŞLIK
Tekbiçim Başlık <a href="Imagining the Turk">Imagining the Turk</a>
Language of a work Türkçe
245 0# - ESER ADI BİLDİRİMİ
Başlık Hayallerdeki Türk =
Alt Eseradı vb. Imagining the Turk/
Sorumluluk Bildirimi Editör Bozidar Jezernik ; çeviren Ali Özdamar.
246 ## - DEĞİŞİK BAŞLIK FORMU
Başlık uygun / kısa başlık Hayallerdeki Türk = Imagining the Turk
264 #1 - ÜRERİM, YAYIN, DAĞITIM ve TELİF BİLDİRİMİ
Yayın yeri İstanbul :
Yayınlayan Kitap
Yayın tarihi 2012
300 ## - FİZİKSEL TANIMLAMA
Sayfa, Cilt vb. 236 sayfa :
Diğer fiziki detaylar resimli ;
Boyutları 21 sm.
336 ## - İÇERİK TÜRÜ
Content type term metin
Content type code txt
Source rdacontent
337 ## - MEDYA TÜRÜ
Media type term aracısız
Media type code n
Source rdamedia
338 ## - TAŞIYICI TÜRÜ
Carrier type term cilt
Carrier type code nc
Source rdacarrier
490 1# - DİZİ BİLDİRİMİ
Dizi Bildirimi Kitap yayınevi ;
Cilt Numarası 269 .
490 1# - DİZİ BİLDİRİMİ
Dizi Bildirimi İnsan ve Toplum dizisi ;
Cilt Numarası 66
500 ## - GENEL NOT
Genel Not Özgün adı : Imagining 'the Turk'
500 ## - GENEL NOT
Genel Not Özgün adı : Imagining the Turk
650 #0 - KONU BAŞLIĞI EK GİRİŞ - KONU TERİMİ
Konusal terim veya coğrafi ad Türkler--Stereotipler--Bildiriler.
9 (RLIN) 77762
650 #0 - KONU BAŞLIĞI EK GİRİŞ - KONU TERİMİ
Konusal terim veya coğrafi ad Avrupa Edebiyatı--Edebiyat motifleri--Bildiriler.
9 (RLIN) 77763
650 #0 - KONU BAŞLIĞI EK GİRİŞ - KONU TERİMİ
Konusal terim veya coğrafi ad Turki--Zgodovina--Zborniki.
9 (RLIN) 77764
650 #0 - KONU BAŞLIĞI EK GİRİŞ - KONU TERİMİ
Konusal terim veya coğrafi ad Turki--Narodna identiteta--Zborniki.
9 (RLIN) 77765
650 #0 - KONU BAŞLIĞI EK GİRİŞ - KONU TERİMİ
Konusal terim veya coğrafi ad Turki--Stereotipi--Zborniki.
9 (RLIN) 77766
650 #0 - KONU BAŞLIĞI EK GİRİŞ - KONU TERİMİ
Konusal terim veya coğrafi ad Evropska knjizevnost--Literarni motivi--Zborniki.
9 (RLIN) 77767
650 #0 - KONU BAŞLIĞI EK GİRİŞ - KONU TERİMİ
Konusal terim veya coğrafi ad Türkler--Tarih--Bildiriler.
9 (RLIN) 77768
650 #0 - KONU BAŞLIĞI EK GİRİŞ - KONU TERİMİ
Konusal terim veya coğrafi ad Türkler--Milli kimlik--Bildiriler.
9 (RLIN) 77769
830 1# - SERİ EK GİRİŞİ - TEKBİÇİM ESER ADI
Tekbiçim Başlık Kitap yayınevi ;
Volume number/sequential designation 269 .
9 (RLIN) 26654
830 1# - SERİ EK GİRİŞİ - TEKBİÇİM ESER ADI
Tekbiçim Başlık İnsan ve Toplum dizisi ;
Volume number/sequential designation 66
9 (RLIN) 55179
907 ## - LOCAL DATA ELEMENT G, LDG (RLIN)
a Tarih
942 ## - EK GİRİŞ ÖGELERİ (KOHA)
Source of classification or shelving scheme Library of Congress Classification
Koha item type Book
Holdings
Materyal Türü Kalıcı Konum Mevcut Konum Raf Yeri Sınıflandırma Kaynağı Edinim Bilgisi Ana Konular Alt Konular Yer Numarası Demirbaş Numarası Fatura Tarihi Maliyet, Alış Fiyatı Maliyet, Yenileme Fiyatı Geri Çekilme Durumu Kayıp Durumu Hasarlı Durumu Kredi için değil Kayıt Tarih Toplam Ödünçverme Son Görülme Tarihi Son Kontrol Tarihi Satın Alma Notu
Book Prof. Dr. Azmi Özcan Kütüphanesi Prof. Dr. Azmi Özcan Kütüphanesi Uluğbey Salonu Library of Congress Classification Satın DÜNYA TARİHİ (AVRUPA, ASYA, AFRİKA VB.) Balkan Yarımadası DR434 .H39 2012 0041872 24/09/2013 12.88 12.88         30/07/2013   05/12/2024 05/12/2024 73291-73383 (92 sayfa)